000 00637nam a2200193Ia 4500
003 GCL
008 140319s9999 xx 000 0 ara d
040 _aGCL /
_cGCL
082 0 4 _aم
_b413
_bس م
100 1 _aسليمان فياض
245 1 0 _aمعجم الماثورات اللغوية والتعابير الادبية /
_cسليمان فياض
260 _a[S.N] :
_bالهيئة المصرية العامة للكتاب ،
_c1993
300 _a511 ص
650 0 4 _aالادب العربى
650 0 4 _aاللغة العربية
650 0 4 _aالبلاغة العربية
650 0 4 _aالمعاجم
942 _2ddc
_cREF
999 _c59504
_d59504